Score 0/20 Timer 04:00
5 Plays Today
% Correct
Jeans
99.1%
Jaguar
98%
Jelly Beans
97.9%
Juice
97.1%
Jar
96.5%
Jersey
93%
Jellyfish
92.8%
Jukebox
92.6%
Jump Rope
92.4%
Jacket
91.9%
% Correct
Jerky
89.6%
Jack-o'-lantern
87.9%
Jester
86.4%
Joystick
86.2%
Jalapeño
86%
Jupiter
84.4%
Juniper
63%
Jambalaya
57%
Jade
53.8%
Jawbreaker
37.1%

You're not logged in!

Compare scores with friends on all Sporcle quizzes.
OR
Log In

Sporcle TV

Today on Sporcle TV


Watch our educational content, quiz creation guides, and fun videos on Sporcle TV.

Show Comments

Extras

Top Quizzes Today


Score Distribution

Paid Content

Your Account Isn't Verified!

In order to create a playlist on Sporcle, you need to verify the email address you used during registration. Go to your Sporcle Settings to finish the process.

Report this User

Report this user for behavior that violates our Community Guidelines.

Details: